000 00380nam a22001577a 4500
005 20200528112218.0
008 200528b xxu||||| |||| 00| 0 eng d
041 _aeng
082 _a340
100 _aBARE ACT
_95744
245 _aTHE PRESS COUNCIL ACT, 1978 (37-1978)
260 _aDELHI
_bPROFESSIONALS BOOK PUBLISHERS
300 _a25; p
650 _aLAW
_95701
942 _cBK
999 _c6574
_d6572